Cuộc sống và pháp luật
Nội dung sách gồm cuộc sống thật là đơn giản; một số văn bản quy phạm pháp luật tác động thường xuyên đến cuộc sống.
Guardado en:
| Formato: | Libro |
|---|---|
| Lenguaje: | Undetermined |
| Publicado: |
Hà Nội
Chính trị Quốc gia
2010
|
| Materias: | |
| Etiquetas: |
Agregar Etiqueta
Sin Etiquetas, Sea el primero en etiquetar este registro!
|
| Thư viện lưu trữ: | Trung tâm Học liệu Trường Đại học Cần Thơ |
|---|
| LEADER | 00825nam a2200193Ia 4500 | ||
|---|---|---|---|
| 001 | CTU_223867 | ||
| 008 | 210402s9999 xx 000 0 und d | ||
| 082 | |a 342.597 | ||
| 082 | |b C514 | ||
| 245 | 0 | |a Cuộc sống và pháp luật | |
| 245 | 0 | |c Nguyễn Nhật Minh ... [et al.] | |
| 260 | |a Hà Nội | ||
| 260 | |b Chính trị Quốc gia | ||
| 260 | |c 2010 | ||
| 520 | |a Nội dung sách gồm cuộc sống thật là đơn giản; một số văn bản quy phạm pháp luật tác động thường xuyên đến cuộc sống. | ||
| 650 | |a Constitutions,Hiến pháp,Administrative agencies,Cơ quan hành chính | ||
| 650 | |z Vietnam,Việt Nam,Vietnam,Việt Nam | ||
| 904 | |i Trọng Hải | ||
| 980 | |a Trung tâm Học liệu Trường Đại học Cần Thơ | ||